000 01027nam a22002657a 4500
005 20180803170134.0
008 120817s2011 ck a gr 000 0dspa d
020 _a9789587460377
040 _aCO-BoBLA
_cCO-BoBLA
_dCO-BoIAVH
041 0 _aspa
044 _ack
082 0 4 _a628.53
_bC17e
100 1 _aCamargo Caicedo, Yiniva.
_935481
245 1 0 _aEmisiones atmosféricas de origen biológico /
_cYiniva Camargo Caicedo, Diana Henao Marín, Andrés Mauricio Vélez-Pereira.
260 _aSanta Marta :
_bUniversidad del Magdalena :
_bGrupo de Investigaciones Modelación de Sistemas Ambientales,
_c2011.
300 _a162 p. :
_bil. ;
_c24 cm.
504 _aIncluye bibliografías.
650 4 _aContaminación del aire.
_9100864
650 4 _aCalidad del aire.
_9100865
650 _aAerosoles biológicos
_x Aspectos ambientales.
_935484
650 4 _aControl de calidad del aire.
_935485
700 1 _aHenao Marín, Diana.
_935486
700 1 _aVélez-Pereira, Andrés Mauricio.
_935487
942 _2ddc
_cLIBRO
999 _c17554
_d17554